[Event "First Saturday 2012 may FM-A"]
[Site "Budapest"]
[Date "2012.05.05"]
[Round "1"]
[White "Havaskori, Laszlo"]
[Black "Juracsik, Jozsef"]
[Result "0-1"]
[WhiteElo "1944"]
[BlackElo "2134"]
[PlyCount "78"]
[EventDate "2012.05.05"]

1. e4 c5 2. Nc3 Nc6 3. d3 g6 4. g3 Bg7 5. Bg2 d6 6. Be3 e5 7. Qd2 Nd4 8. Nd5
Be6 9. Ne2 h6 10. O-O Ne7 11. Nec3 Bxd5 12. Nxd5 Nxd5 13. exd5 O-O 14. f3 Nf5
15. Bf2 Kh7 16. c3 Qf6 17. Qe1 Rae8 18. g4 Ne7 19. Bh4 g5 20. Qe4+ Ng6 21. Bg3
Kg8 22. b4 cxb4 23. cxb4 Nf4 24. Rfc1 Rc8 25. Bf1 Qd8 26. Bf2 a6 27. a4 Qd7 28.
Rc4 b5 29. axb5 axb5 30. Ra7 Qe8 31. Rcc7 Rxc7 32. Rxc7 Qa8 33. Rc6 Rd8 34. h4
Qa1 35. h5 Ra8 36. Rc7 Qd1 37. Ba7 Bf6 38. Qf5 Kg7 39. Kf2 Qd2+ 0-1

[Event "First Saturday 2012 may FM-A"]
[Site "Budapest"]
[Date "2012.05.05"]
[Round "1"]
[White "Kozak, Adam"]
[Black "Jamalia, Natalie"]
[Result "1/2-1/2"]
[WhiteElo "2001"]
[BlackElo "1932"]
[PlyCount "69"]
[EventDate "2012.05.05"]

1. d4 d5 2. c4 e6 3. Nc3 Nf6 4. Nf3 c6 5. Bg5 Be7 6. e3 Nbd7 7. Bd3 dxc4 8.
Bxc4 Nd5 9. Bxe7 Qxe7 10. O-O O-O 11. e4 Nxc3 12. bxc3 Rd8 13. Re1 b5 14. Bd3
Bb7 15. Qc2 h6 16. Rad1 Rac8 17. Qb1 Nb6 18. Bc2 a6 19. Nd2 e5 20. Nb3 Na4 21.
Re3 exd4 22. cxd4 c5 23. d5 Ba8 24. Qc1 Nb6 25. Rg3 Kf8 26. Qf4 Rd6 27. Qf5 g6
28. Qf4 g5 29. Qf5 Qf6 30. Qxf6 Rxf6 31. e5 Rf4 32. d6 Nd7 33. Re3 Re8 34. g3
Ra4 35. Ra1 1/2-1/2

[Event "First Saturday 2012 may FM-A"]
[Site "Budapest"]
[Date "2012.05.05"]
[Round "1"]
[White "Bodrogi, Laszlo"]
[Black "Nazarenus, Olaf"]
[Result "1-0"]
[WhiteElo "2012"]
[BlackElo "2073"]
[PlyCount "117"]
[EventDate "2012.05.05"]

1. e4 c5 2. Nf3 d6 3. d4 cxd4 4. Nxd4 Nf6 5. Nc3 g6 6. Be3 Bg7 7. f3 O-O 8. Qd2
Nc6 9. Bc4 Bd7 10. O-O-O Rc8 11. Bb3 Ne5 12. h4 Nc4 13. Bxc4 Rxc4 14. h5 Nxh5
15. g4 Nf6 16. Bh6 Nxe4 17. Qh2 Rxd4 18. Bxg7 Rxd1+ 19. Nxd1 Kxg7 20. Qh6+ Kf6
21. fxe4 e5 22. Ne3 Bc6 23. Qh4+ Ke6 24. g5 h5 25. Rd1 b5 26. Qh2 Ke7 27. Qh4
Qd7 28. Rf1 a5 29. Rf6 Qb7 30. Qe1 Bxe4 31. Qxa5 Rc8 32. Qb4 Rc5 33. Qd2 Bd5
34. b4 Rc4 35. Qxd5 Qxd5 36. Nxd5+ Kf8 37. Rxd6 Rg4 38. Nf6 Rxg5 39. Nh7+ Ke7
40. Nxg5 Kxd6 41. Nxf7+ Kd5 42. Kd2 h4 43. Ng5 e4 44. a3 Kd4 45. c3+ Kc4 46.
Nxe4 h3 47. Kc2 h2 48. Ng3 Kd5 49. Kd3 Ke5 50. a4 bxa4 51. b5 a3 52. Kc2 Kf4
53. Nh1 Kf3 54. b6 Kg2 55. b7 Kxh1 56. b8=Q Kg2 57. Qb7+ Kg1 58. Qb6+ Kf1 59.
Qc6 1-0

[Event "First Saturday 2012 may FM-A"]
[Site "Budapest"]
[Date "2012.05.05"]
[Round "1"]
[White "Farkas, Richard"]
[Black "Kis, Bela"]
[Result "1-0"]
[WhiteElo "2112"]
[BlackElo "2051"]
[PlyCount "73"]
[EventDate "2012.05.05"]

1. e4 d6 2. d4 Nf6 3. Nc3 g6 4. Nf3 Bg7 5. Bd3 Bg4 6. h3 Bxf3 7. Qxf3 Nc6 8.
Be3 e5 9. d5 Nd4 10. Qd1 O-O 11. Nb1 c6 12. c3 Nb5 13. Bxb5 cxb5 14. Qd3 a6 15.
O-O Nh5 16. Nd2 f5 17. exf5 gxf5 18. f4 e4 19. Qc2 Qh4 20. Nb3 Bh6 21. Qf2 Qe7
22. Nd4 Ng7 23. g4 fxg4 24. hxg4 Rf6 25. Qh2 Qf7 26. g5 Rg6 27. Kh1 Bxg5 28.
fxg5 Qxd5 29. Rf2 Re8 30. a3 Ne6 31. Rf5 Qc4 32. Nxe6 Rgxe6 33. Raf1 Re5 34.
Rf6 R5e7 35. g6 Qd3 36. Qh6 Rg7 37. gxh7+ 1-0

[Event "First Saturday 2012 may FM-A"]
[Site "Budapest"]
[Date "2012.05.05"]
[Round "1"]
[White "Darazs, Zoltan"]
[Black "Koczo, Kristof"]
[Result "1/2-1/2"]
[WhiteElo "2136"]
[BlackElo "2126"]
[PlyCount "129"]
[EventDate "2012.05.05"]

1. e4 c6 2. d4 d5 3. Nc3 dxe4 4. Nxe4 Nd7 5. Bd3 Ngf6 6. Ng5 e5 7. Qe2 Bb4+ 8.
c3 Be7 9. N1f3 exd4 10. O-O h6 11. Ne4 Nxe4 12. Qxe4 Nc5 13. Qe2 Nxd3 14. Qxd3
dxc3 15. Qxc3 O-O 16. Bf4 Bf6 17. Qb3 Qb6 18. Qxb6 axb6 19. Be5 Bxe5 20. Nxe5
Be6 21. a3 Rfd8 22. Rfd1 Bb3 23. Rxd8+ Rxd8 24. Nf3 f6 25. Rc1 Kf7 26. Kf1 Rd1+
27. Rxd1 Bxd1 28. Nd2 Bc2 29. Ke2 b5 30. Ke3 Ke6 31. Kd4 Kd6 32. f4 c5+ 33. Ke3
Kd5 34. Nf1 Be4 35. Ng3 Bg6 36. f5 Bf7 37. Ne4 b6 38. g4 Ke5 39. Nc3 Be8 40. h3
Bc6 41. Ne2 c4 42. Nf4 Be8 43. Ne6 g5 44. Nd4 Bd7 45. h4 Kd5 46. hxg5 hxg5 47.
Ne2 Kc5 48. Nc3 Bc6 49. Na2 Bg2 50. Kf2 Be4 51. Ke3 Bc2 52. Kd2 Be4 53. Ke3 Bb7
54. Nb4 c3 55. bxc3 Kc4 56. Kd2 Kb3 57. Nc2 Bg2 58. Ne3 Be4 59. Nf1 Bf3 60. Ne3
Kxa3 61. Kd3 Kb3 62. Kd4 b4 63. cxb4 Kxb4 64. Nd5+ Ka3 65. Nxb6 1/2-1/2

[Event "First Saturday 2012 may FM-A"]
[Site "Budapest"]
[Date "2012.05.06"]
[Round "2"]
[White "Kis, Bela"]
[Black "Darazs, Zoltan"]
[Result "0-1"]
[WhiteElo "2051"]
[BlackElo "2136"]
[PlyCount "78"]
[EventDate "2012.05.05"]

1. e4 c5 2. Nf3 Nc6 3. Bb5 g6 4. O-O Bg7 5. Nc3 Nd4 6. d3 a6 7. Bc4 e6 8. a4 b6
9. Re1 d6 10. Bf4 Ne7 11. Nxd4 cxd4 12. Nb1 O-O 13. Bb3 Bb7 14. Nd2 h6 15. Bg3
e5 16. f4 exf4 17. Bxf4 d5 18. Qf3 dxe4 19. dxe4 Kh7 20. Qg3 Rc8 21. Nc4 f5 22.
Nd6 Bxe4 23. Nxc8 Qxc8 24. Bd6 Qd7 25. Rad1 Rc8 26. Be5 Nc6 27. Bxg7 Kxg7 28.
Rd2 Rd8 29. Bc4 Qc8 30. Bd3 Bxd3 31. Qxd3 Nb4 32. Re7+ Kf8 33. Qe2 d3 34. cxd3
Qc5+ 35. Re3 f4 36. d4 fxe3 37. dxc5 exd2 38. Qf3+ Kg7 39. Qb7+ Kh8 0-1

[Event "First Saturday 2012 may FM-A"]
[Site "Budapest"]
[Date "2012.05.06"]
[Round "2"]
[White "Nazarenus, Olaf"]
[Black "Farkas, Richard"]
[Result "0-1"]
[WhiteElo "2073"]
[BlackElo "2112"]
[PlyCount "46"]
[EventDate "2012.05.05"]

1. Nf3 Nf6 2. d4 g6 3. Bf4 Bg7 4. Nc3 O-O 5. Qd2 d6 6. O-O-O a6 7. h4 b5 8. Ng5
Nbd7 9. h5 Bb7 10. hxg6 hxg6 11. f3 e5 12. dxe5 dxe5 13. Be3 Qe7 14. Qe1 Rfd8
15. Qh4 Nf8 16. Rxd8 Rxd8 17. Nge4 Bxe4 18. Nxe4 Qd7 19. Nxf6+ Bxf6 20. Qe1 Qd5
21. b3 e4 22. f4 b4 23. Qd2 Qa5 0-1

[Event "First Saturday 2012 may FM-A"]
[Site "Budapest"]
[Date "2012.05.06"]
[Round "2"]
[White "Juracsik, Jozsef"]
[Black "Kozak, Adam"]
[Result "1-0"]
[WhiteElo "2134"]
[BlackElo "2001"]
[PlyCount "75"]
[EventDate "2012.05.05"]

1. e4 c5 2. Nf3 d6 3. d4 cxd4 4. Nxd4 Nf6 5. f3 Nc6 6. c4 g6 7. Be3 Bg7 8. Qd2
O-O 9. Nc3 Bd7 10. Be2 Qa5 11. O-O Rfc8 12. Rac1 Ne5 13. b3 a6 14. Rfd1 Rab8
15. Bf1 Kf8 16. a3 Be8 17. b4 Qd8 18. Nd5 Nxd5 19. exd5 Rc7 20. Bh6 Rbc8 21.
Bxg7+ Kxg7 22. Qg5 Bd7 23. c5 f6 24. Qe3 Kf7 25. h3 g5 26. g3 Qe8 27. f4 gxf4
28. gxf4 Qg8+ 29. Kh2 Ng6 30. Bc4 Kf8 31. c6 bxc6 32. dxc6 d5 33. cxd7 Rxd7 34.
Ne6+ Ke8 35. Bxa6 Rxc1 36. Rxc1 Kf7 37. Rc8 d4 38. Qb3 1-0

[Event "First Saturday 2012 may FM-A"]
[Site "Budapest"]
[Date "2012.05.06"]
[Round "2"]
[White "Borda, Lajos"]
[Black "Havaskori, Laszlo"]
[Result "1-0"]
[WhiteElo "2115"]
[BlackElo "1944"]
[PlyCount "47"]
[EventDate "2012.05.05"]

1. e4 c5 2. Nf3 Nc6 3. Bb5 a6 4. Bxc6 dxc6 5. h3 e5 6. d3 Qe7 7. Qe2 g6 8. a4
f6 9. a5 Nh6 10. Nc3 Be6 11. Na4 O-O-O 12. Be3 Rd4 13. Nxc5 Qxc5 14. c3 Rxe4
15. dxe4 Qe7 16. O-O Nf7 17. b4 Nd6 18. Nd2 Qf7 19. f4 exf4 20. Bxf4 Nc4 21.
Qf2 c5 22. Nxc4 Bxc4 23. Rfd1 Qe6 24. bxc5 1-0

[Event "First Saturday 2012 may FM-A"]
[Site "Budapest"]
[Date "2012.05.07"]
[Round "3"]
[White "Kozak, Adam"]
[Black "Borda, Lajos"]
[Result "0-1"]
[WhiteElo "2001"]
[BlackElo "2115"]
[PlyCount "100"]
[EventDate "2012.05.05"]

1. e4 d5 2. exd5 Qxd5 3. d4 Nf6 4. Nf3 Bg4 5. Be2 e6 6. c4 Qd8 7. Nc3 Be7 8.
O-O O-O 9. Qb3 Qc8 10. Be3 Nbd7 11. Rad1 Re8 12. h3 Bf5 13. Nh4 Ne4 14. Nxf5
exf5 15. Nxe4 fxe4 16. c5 c6 17. Bc4 Rf8 18. f3 exf3 19. Rxf3 Bf6 20. Bf4 b5
21. Bf1 Re8 22. Bg3 Re4 23. Bf2 a5 24. Qd3 Re8 25. Re3 Rd8 26. Qe2 Nf8 27. Rf3
Rd5 28. Qe4 Qd7 29. a4 Ne6 30. axb5 Ng5 31. bxc6 Qxc6 32. Qf4 Rad8 33. Rg3 Kf8
34. Kh2 Rxc5 35. dxc5 Rxd1 36. Re3 Ne6 37. Qb8+ Rd8 38. Qg3 Bd4 39. Rf3 Qxc5
40. Bxd4 Rxd4 41. Qf2 Qc7+ 42. g3 h5 43. Rc3 Qd6 44. Bg2 h4 45. Qf5 hxg3+ 46.
Rxg3 g6 47. Qf6 Rd3 48. Qh8+ Ke7 49. Qh4+ g5 50. Qg4 f5 0-1

[Event "First Saturday 2012 may FM-A"]
[Site "Budapest"]
[Date "2012.05.07"]
[Round "3"]
[White "Bodrogi, Laszlo"]
[Black "Juracsik, Jozsef"]
[Result "1/2-1/2"]
[WhiteElo "2012"]
[BlackElo "2134"]
[PlyCount "30"]
[EventDate "2012.05.05"]

1. d4 c5 2. d5 Nf6 3. Nc3 e5 4. e4 d6 5. Be2 g6 6. Nf3 Bg7 7. Bg5 h6 8. Bh4 O-O
9. Nd2 Na6 10. g4 Nc7 11. a4 b6 12. f3 a6 13. Nc4 Rb8 14. Qd2 Qe7 15. O-O g5
1/2-1/2

[Event "First Saturday 2012 may FM-A"]
[Site "Budapest"]
[Date "2012.05.07"]
[Round "3"]
[White "Farkas, Richard"]
[Black "Jamalia, Natalie"]
[Result "1/2-1/2"]
[WhiteElo "2112"]
[BlackElo "1932"]
[PlyCount "112"]
[EventDate "2012.05.05"]

1. e4 c5 2. Nf3 e6 3. d4 cxd4 4. Nxd4 Nf6 5. Nc3 d6 6. Be2 Be7 7. O-O a6 8. Be3
O-O 9. f4 Nbd7 10. a4 Qc7 11. a5 b5 12. axb6 Nxb6 13. Qd3 Bb7 14. Nb3 Nbd7 15.
g4 d5 16. e5 Ne4 17. Nxe4 dxe4 18. Qd2 Rfd8 19. Qc1 Rdc8 20. c4 Nc5 21. Na5
Rab8 22. b4 Nd3 23. Bxd3 exd3 24. c5 Bd5 25. Qc3 Qb6 26. Qxd3 Qxb4 27. Rfb1 Qe4
28. Qxe4 Bxe4 29. Rb6 Bh4 30. Rc1 Be7 31. Rd1 g6 32. g5 Bd5 33. Rdb1 Ra8 34.
Nb7 Bxb7 35. Rxb7 Bxc5 36. Bxc5 Rxc5 37. Kg2 Rd8 38. R1b2 Rc4 39. Kg3 Rd3+ 40.
Kg4 Rdd4 41. Rb8+ Kg7 42. Rf2 a5 43. Ra8 a4 44. Kg3 Rc3+ 45. Kg4 Rcc4 46. Kg3
Rc3+ 47. Kg4 a3 48. Ra2 Rdd3 49. Rf2 Rc4 50. Ra7 Re3 51. Ra5 Rb4 52. Rf3 Rbb3
53. Rxe3 Rxe3 54. Ra8 Rb3 55. h3 Rc3 56. Kh4 Rb3 1/2-1/2

[Event "First Saturday 2012 may FM-A"]
[Site "Budapest"]
[Date "2012.05.07"]
[Round "3"]
[White "Darazs, Zoltan"]
[Black "Nazarenus, Olaf"]
[Result "1/2-1/2"]
[WhiteElo "2136"]
[BlackElo "2073"]
[PlyCount "55"]
[EventDate "2012.05.05"]

1. e4 c5 2. Nf3 d6 3. d4 cxd4 4. Nxd4 Nf6 5. Nc3 g6 6. Be3 Bg7 7. f3 O-O 8. Qd2
Nc6 9. Bc4 Bd7 10. O-O-O Rc8 11. Bb3 Ne5 12. h4 Nc4 13. Bxc4 Rxc4 14. h5 Nxh5
15. g4 Nf6 16. b3 Rc8 17. Nd5 Nxd5 18. exd5 Qc7 19. Qh2 h6 20. Bxh6 Bxd4 21.
Rxd4 Qc3 22. Rd3 Qxd3 23. Bxf8 Qc3 24. Bxe7 Qa1+ 25. Kd2 Qc3+ 26. Kc1 Qa1+ 27.
Kd2 Qd4+ 28. Kc1 1/2-1/2

[Event "First Saturday 2012 may FM-A"]
[Site "Budapest"]
[Date "2012.05.07"]
[Round "3"]
[White "Koczo, Kristof"]
[Black "Kis, Bela"]
[Result "0-1"]
[WhiteElo "2126"]
[BlackElo "2051"]
[PlyCount "94"]
[EventDate "2012.05.05"]

1. d4 Nf6 2. c4 c5 3. d5 e6 4. Nc3 exd5 5. cxd5 d6 6. e4 g6 7. h3 Bg7 8. Bg5
O-O 9. Bd3 a6 10. a4 Nbd7 11. Nf3 h6 12. Bf4 Qe7 13. O-O Ne8 14. Qd2 g5 15. Bh2
Rb8 16. Rfe1 Ne5 17. Nxe5 Bxe5 18. f4 gxf4 19. Bxf4 Bxf4 20. Qxf4 Qg5 21. Rf1
Qxf4 22. Rxf4 f6 23. Rf2 Bd7 24. a5 Rc8 25. Na4 Bxa4 26. Rxa4 Nc7 27. Be2 Nb5
28. Bg4 Rc7 29. e5 dxe5 30. Be6+ Kh8 31. Re4 Kg7 32. Rg4+ Kh8 33. Rg6 Nd6 34.
Rgxf6 Rxf6 35. Rxf6 Kg7 36. Rf3 e4 37. Rc3 Kf6 38. Kf2 Ke5 39. Ke3 Nb5 40. Rc1
Nd4 41. Rf1 c4 42. Rf7 Rc5 43. Rd7 c3 44. bxc3 Rxc3+ 45. Kf2 e3+ 46. Kg3 e2+
47. Kf2 Rc1 0-1

[Event "First Saturday 2012 may FM-A"]
[Site "Budapest"]
[Date "2012.05.08"]
[Round "4"]
[White "Nazarenus, Olaf"]
[Black "Koczo, Kristof"]
[Result "0-1"]
[WhiteElo "2073"]
[BlackElo "2126"]
[PlyCount "102"]
[EventDate "2012.05.05"]

1. Nf3 d5 2. b3 c5 3. e3 Nc6 4. Bb2 Bg4 5. h3 Bh5 6. d4 cxd4 7. exd4 e6 8. Be2
Bd6 9. Ne5 Bxe2 10. Qxe2 Nf6 11. O-O O-O 12. Nd2 Qb6 13. Ndf3 Rac8 14. c4 Qa6
15. Rfe1 dxc4 16. Nxf7 Rxf7 17. Qxe6 Ne7 18. Ng5 Rcf8 19. Nxf7 Rxf7 20. bxc4
Qc6 21. Re2 Qd7 22. Bc3 Qxe6 23. Rxe6 Nc8 24. Rb1 Rc7 25. c5 Bf8 26. a4 Nd5 27.
Bd2 Kf7 28. Re5 Rd7 29. a5 a6 30. Rf5+ Nf6 31. Rf3 Na7 32. Rb6 Nc6 33. Bc3 Kg8
34. Rf5 Ne7 35. Rf3 Nfd5 36. Rb1 Nc6 37. Kf1 Be7 38. Rd3 Bf6 39. Bd2 Bxd4 40.
Be3 Bf6 41. Rxd5 Rxd5 42. Rxb7 Nxa5 43. Ra7 Nc4 44. c6 Nxe3+ 45. fxe3 Rd8 46.
Rxa6 Rc8 47. Ke2 Kf7 48. Kd3 Ke6 49. Kc4 Kd6 50. Kb5 Rc7 51. Ra2 Rxc6 0-1

[Event "First Saturday 2012 may FM-A"]
[Site "Budapest"]
[Date "2012.05.08"]
[Round "4"]
[White "Jamalia, Natalie"]
[Black "Darazs, Zoltan"]
[Result "1/2-1/2"]
[WhiteElo "1932"]
[BlackElo "2136"]
[PlyCount "22"]
[EventDate "2012.05.05"]

1. e4 e5 2. Nf3 Nc6 3. Bb5 a6 4. Ba4 Nf6 5. d4 exd4 6. O-O Be7 7. e5 Ne4 8.
Nxd4 Nc5 9. Bxc6 dxc6 10. Nc3 O-O 11. Be3 Re8 1/2-1/2

[Event "First Saturday 2012 may FM-A"]
[Site "Budapest"]
[Date "2012.05.08"]
[Round "4"]
[White "Juracsik, Jozsef"]
[Black "Farkas, Richard"]
[Result "0-1"]
[WhiteElo "2134"]
[BlackElo "2112"]
[PlyCount "82"]
[EventDate "2012.05.05"]

1. e4 e6 2. d4 d5 3. Nc3 Bb4 4. e5 c5 5. a3 Bxc3+ 6. bxc3 Ne7 7. Nf3 b6 8. a4
O-O 9. Ba3 Qc7 10. Bd3 h6 11. O-O Bd7 12. a5 Re8 13. Re1 c4 14. Bf1 bxa5 15. g3
Na6 16. Qd2 a4 17. h4 Nc6 18. h5 Qa5 19. Bh3 Nc7 20. g4 Nb5 21. Re3 Nxa3 22.
Rxa3 Qb6 23. Re1 a6 24. g5 Kh7 25. Kh2 Rg8 26. Rg1 Ne7 27. Raa1 Rab8 28. Qf4
Nf5 29. Bxf5+ exf5 30. g6+ fxg6 31. Rxg6 Qc7 32. Rd6 Rb6 33. Rxb6 Qxb6 34. Nh4
Qb2 35. e6 Bxe6 36. Re1 Bc8 37. Nxf5 Rf8 38. Qd6 Rf6 39. Qd8 Qb8+ 40. Kg2 Rxf5
41. Re8 Rg5+ 0-1

[Event "First Saturday 2012 may FM-A"]
[Site "Budapest"]
[Date "2012.05.08"]
[Round "4"]
[White "Borda, Lajos"]
[Black "Bodrogi, Laszlo"]
[Result "1/2-1/2"]
[WhiteElo "2115"]
[BlackElo "2012"]
[PlyCount "21"]
[EventDate "2012.05.05"]

1. d4 d5 2. Nf3 Nf6 3. c4 e6 4. Nc3 Be7 5. Bg5 O-O 6. Rc1 c6 7. e3 Nbd7 8. Bd3
dxc4 9. Bxc4 Nd5 10. Bxe7 Qxe7 11. O-O 1/2-1/2

[Event "First Saturday 2012 may FM-A"]
[Site "Budapest"]
[Date "2012.05.08"]
[Round "4"]
[White "Havaskori, Laszlo"]
[Black "Kozak, Adam"]
[Result "1/2-1/2"]
[WhiteElo "1944"]
[BlackElo "2001"]
[PlyCount "74"]
[EventDate "2012.05.05"]

1. d4 d5 2. Nf3 Nf6 3. Bf4 c5 4. e3 Nc6 5. c3 Bg4 6. Nbd2 e6 7. Qa4 Bf5 8. Ne5
Qb6 9. Bb5 Rc8 10. Nxc6 bxc6 11. Ba6 Rd8 12. O-O Be7 13. dxc5 Bxc5 14. Nb3 Bd6
15. Nd4 Bxf4 16. exf4 Rd6 17. Nxf5 exf5 18. Rae1+ Ne4 19. Qa3 Re6 20. Bc8 Rf6
21. c4 Kd8 22. Ba6 d4 23. b4 Nd2 24. Qd3 Nxf1 25. c5 Qc7 26. Qxd4+ Qd7 27. Qe5
Re6 28. Qb8+ Ke7 29. Rxe6+ Qxe6 30. Qxh8 Nd2 31. g3 Qe1+ 32. Kg2 Qe4+ 33. Kh3
Qf3 34. Qxg7 Qh5+ 35. Kg2 Qf3+ 36. Kg1 Qd1+ 37. Kg2 Qf3+ 1/2-1/2

[Event "First Saturday 2012 may FM-A"]
[Site "Budapest"]
[Date "2012.05.09"]
[Round "5"]
[White "Bodrogi, Laszlo"]
[Black "Havaskori, Laszlo"]
[Result "1-0"]
[WhiteElo "2012"]
[BlackElo "1944"]
[PlyCount "71"]
[EventDate "2012.05.05"]

1. e4 c5 2. Nf3 Nc6 3. d4 cxd4 4. Nxd4 d6 5. Nc3 Nf6 6. Bc4 e6 7. Be3 Be7 8.
Qe2 a6 9. O-O-O Qc7 10. Bb3 O-O 11. g4 Na5 12. g5 Nxb3+ 13. axb3 Nd7 14. Rhg1
b5 15. Nf5 Ne5 16. Nxe7+ Qxe7 17. f4 Nc6 18. Qh5 b4 19. Ne2 Rd8 20. Rg3 g6 21.
Qh6 Qf8 22. Qh4 e5 23. f5 gxf5 24. Rh3 Qg7 25. Ng3 f4 26. Nh5 Qg6 27. Nf6+ Kf8
28. Bb6 Bxh3 29. Qxh3 Nd4 30. Bxd8 Rxd8 31. Qd3 Kg7 32. h4 a5 33. Qa6 d5 34.
Qxa5 Rc8 35. Qxd5 Nxc2 36. Qd7 1-0

[Event "First Saturday 2012 may FM-A"]
[Site "Budapest"]
[Date "2012.05.09"]
[Round "5"]
[White "Farkas, Richard"]
[Black "Borda, Lajos"]
[Result "1/2-1/2"]
[WhiteElo "2112"]
[BlackElo "2115"]
[PlyCount "115"]
[EventDate "2012.05.05"]

1. e4 c5 2. Nf3 a6 3. c4 d6 4. d4 Bd7 5. Nc3 Nc6 6. d5 Ne5 7. Nxe5 dxe5 8. Be3
Qc7 9. Be2 Nf6 10. O-O e6 11. Qd2 Bd6 12. Rad1 Rd8 13. f3 h6 14. Rc1 b6 15.
dxe6 fxe6 16. Qe1 O-O 17. g3 Bc6 18. h4 Nh5 19. Kg2 Be7 20. b4 cxb4 21. Nd5
exd5 22. cxd5 Rf6 23. dxc6 Rxc6 24. Bxa6 Kh8 25. Rxc6 Qxc6 26. Be2 Ra8 27. Qd2
Qe6 28. Qd5 Qxd5 29. exd5 Rxa2 30. Rf2 Nf6 31. Bc4 Rxf2+ 32. Kxf2 b5 33. Bb3
Bd6 34. g4 Nd7 35. Ke2 Kg8 36. Kd3 Kf7 37. g5 hxg5 38. hxg5 Ke7 39. Ke4 Bc5 40.
Bd2 g6 41. f4 exf4 42. Bxf4 Bd6 43. Bxd6+ Kxd6 44. Kd4 Ne5 45. Bd1 Nf7 46. Bc2
Nxg5 47. Bxg6 Nf3+ 48. Ke4 Ne5 49. Bh5 b3 50. Bd1 Nc4 51. Bxb3 Nd2+ 52. Kd3
Nxb3 53. Kc3 Kxd5 54. Kxb3 Kc5 55. Kc3 b4+ 56. Kb3 Kb5 57. Kb2 Kc4 58. Kc2
1/2-1/2

[Event "First Saturday 2012 may FM-A"]
[Site "Budapest"]
[Date "2012.05.09"]
[Round "5"]
[White "Darazs, Zoltan"]
[Black "Juracsik, Jozsef"]
[Result "1/2-1/2"]
[WhiteElo "2136"]
[BlackElo "2134"]
[PlyCount "29"]
[EventDate "2012.05.05"]

1. e4 c6 2. d4 d5 3. Nc3 dxe4 4. Nxe4 Bf5 5. Ng3 Bg6 6. h4 h6 7. Nf3 Nd7 8. h5
Bh7 9. Bd3 Bxd3 10. Qxd3 e6 11. Bd2 Ngf6 12. O-O-O Bd6 13. Qe2 Qc7 14. Nf5 O-O
15. Nxd6 1/2-1/2

[Event "First Saturday 2012 may FM-A"]
[Site "Budapest"]
[Date "2012.05.09"]
[Round "5"]
[White "Koczo, Kristof"]
[Black "Jamalia, Natalie"]
[Result "1-0"]
[WhiteElo "2126"]
[BlackElo "1932"]
[PlyCount "65"]
[EventDate "2012.05.05"]

1. d4 d5 2. c4 e6 3. Nc3 Nf6 4. cxd5 exd5 5. Bg5 c6 6. e3 Be7 7. Qc2 O-O 8. Bd3
Nbd7 9. Nf3 Re8 10. O-O Nf8 11. Rab1 Ne4 12. Bxe7 Qxe7 13. b4 Nxc3 14. Qxc3 a6
15. a4 Bd7 16. Qc5 Qf6 17. b5 axb5 18. axb5 Ne6 19. Qd6 Red8 20. bxc6 bxc6 21.
Rfc1 c5 22. dxc5 Bb5 23. Bxb5 Rxd6 24. cxd6 Rd8 25. d7 g6 26. Rc8 Nf8 27. Rd1
Kg7 28. Rxd8 Qxd8 29. Rxd5 Nxd7 30. Rxd7 Qc8 31. Ng5 Qc1+ 32. Bf1 Kf6 33. h4
1-0

[Event "First Saturday 2012 may FM-A"]
[Site "Budapest"]
[Date "2012.05.09"]
[Round "5"]
[White "Kis, Bela"]
[Black "Nazarenus, Olaf"]
[Result "1-0"]
[WhiteElo "2051"]
[BlackElo "2073"]
[PlyCount "53"]
[EventDate "2012.05.05"]

1. e4 c5 2. Nf3 g6 3. Nc3 Bg7 4. d3 Nc6 5. g3 e6 6. Bg2 Nge7 7. O-O O-O 8. Be3
Nd4 9. Nh4 d5 10. Qd2 dxe4 11. dxe4 e5 12. Rad1 Bg4 13. f3 Be6 14. Qf2 Qa5 15.
Rd2 b5 16. f4 b4 17. Nd1 Bc4 18. c3 Bxf1 19. Bxf1 bxc3 20. bxc3 Rac8 21. Rb2
Ndc6 22. f5 f6 23. Bc4+ Rf7 24. fxg6 hxg6 25. Bxc5 Qa4 26. Qe2 Na5 27. Bb5 1-0

[Event "First Saturday 2012 may FM-A"]
[Site "Budapest"]
[Date "2012.05.10"]
[Round "6"]
[White "Jamalia, Natalie"]
[Black "Kis, Bela"]
[Result "0-1"]
[WhiteElo "1932"]
[BlackElo "2051"]
[PlyCount "90"]
[EventDate "2012.05.05"]

1. e4 d6 2. d4 Nf6 3. Nc3 g6 4. Be2 Bg7 5. Be3 O-O 6. h3 Na6 7. Nf3 c5 8. O-O
cxd4 9. Bxd4 Nb4 10. a3 Nc6 11. Be3 b6 12. Nd4 Bb7 13. Nxc6 Bxc6 14. f3 d5 15.
exd5 Nxd5 16. Nxd5 Bxd5 17. c3 Qd6 18. Qe1 e5 19. c4 Be6 20. Rd1 Qe7 21. b4
Rfc8 22. c5 bxc5 23. Bxc5 Qg5 24. Kh1 a5 25. Qd2 Qh4 26. Bf2 Qe7 27. Bc5 Qf6
28. Bd3 axb4 29. Bxb4 Qh4 30. Qf2 Qh5 31. Kh2 Bh6 32. g4 Bf4+ 33. Kg2 Qh6 34.
h4 Rd8 35. Rh1 Bb3 36. Bc2 Rxd1 37. Bxd1 Bd5 38. Bc2 Be3 39. Qg3 Bf4 40. Qf2
Rc8 41. Be7 Be3 42. Qe2 Qf4 43. Bd1 Qxg4+ 44. Kf1 Qd4 45. Bg5 Bc4 0-1

[Event "First Saturday 2012 may FM-A"]
[Site "Budapest"]
[Date "2012.05.10"]
[Round "6"]
[White "Juracsik, Jozsef"]
[Black "Koczo, Kristof"]
[Result "1-0"]
[WhiteElo "2134"]
[BlackElo "2126"]
[PlyCount "93"]
[EventDate "2012.05.05"]

1. e4 c5 2. Nf3 d6 3. d4 cxd4 4. Nxd4 Nf6 5. Nc3 a6 6. Bc4 e6 7. Bb3 Nc6 8. Be3
Na5 9. O-O Nxb3 10. cxb3 Be7 11. a4 O-O 12. a5 e5 13. Nc2 Be6 14. Bb6 Qd7 15.
Ne3 Bd8 16. Bxd8 Raxd8 17. Ned5 Bxd5 18. exd5 Qf5 19. Ra4 Qh5 20. Ne4 Qxd1 21.
Nxf6+ gxf6 22. Rxd1 Rc8 23. Rg4+ Kh8 24. Rc4 Rxc4 25. bxc4 Rc8 26. Rc1 Kg7 27.
b4 Kf8 28. Kf1 Ke7 29. Ke2 Rg8 30. g3 Rg4 31. Kd3 Rd4+ 32. Kc3 Re4 33. Kd3 Rg4
34. h3 Rg8 35. Ke4 h5 36. c5 Rb8 37. Rc4 Rg8 38. Rc2 Rd8 39. c6 Rb8 40. c7 Rc8
41. g4 hxg4 42. hxg4 f5+ 43. Kxf5 f6 44. Kg6 Rg8+ 45. Kh7 Rc8 46. Kg7 e4 47.
Rc4 1-0

[Event "First Saturday 2012 may FM-A"]
[Site "Budapest"]
[Date "2012.05.10"]
[Round "6"]
[White "Borda, Lajos"]
[Black "Darazs, Zoltan"]
[Result "1/2-1/2"]
[WhiteElo "2115"]
[BlackElo "2136"]
[PlyCount "29"]
[EventDate "2012.05.05"]

1. d4 Nf6 2. c4 g6 3. Nc3 d5 4. cxd5 Nxd5 5. e4 Nxc3 6. bxc3 c5 7. Bc4 Bg7 8.
Ne2 Nc6 9. Be3 O-O 10. O-O Qc7 11. Rc1 Bd7 12. Qd2 Qa5 13. Rfd1 cxd4 14. cxd4
Qxd2 15. Rxd2 1/2-1/2

[Event "First Saturday 2012 may FM-A"]
[Site "Budapest"]
[Date "2012.05.10"]
[Round "6"]
[White "Havaskori, Laszlo"]
[Black "Farkas, Richard"]
[Result "0-1"]
[WhiteElo "1944"]
[BlackElo "2112"]
[PlyCount "128"]
[EventDate "2012.05.05"]

1. c4 e6 2. g3 Nf6 3. Bg2 d5 4. d4 Nbd7 5. Nc3 dxc4 6. e4 c6 7. a4 Bb4 8. Nge2
Qa5 9. O-O O-O 10. Be3 a6 11. Qc2 Ng4 12. Bd2 c5 13. h3 cxd4 14. Nxd4 Nge5 15.
Be3 Bxc3 16. bxc3 Nd3 17. Rfb1 N7c5 18. Kh2 e5 19. Nf5 Be6 20. Ne7+ Kh8 21. f4
f6 22. f5 Bd7 23. Qd1 Be8 24. Qg1 Bxa4 25. Rb4 Qc7 26. Nd5 Qc6 27. Rxc4 b5 28.
Rxc5 Nxc5 29. Bxc5 Rfd8 30. Bb6 Rd7 31. Ba5 Rb8 32. Ra2 Bb3 33. Rd2 Bxd5 34.
exd5 Qc4 35. Qe3 Qa4 36. Bb6 a5 37. d6 b4 38. cxb4 axb4 39. Bc7 Rc8 40. Bd5 Qa3
41. Qe2 Rcxc7 42. dxc7 Rxc7 43. Be6 Qa8 44. Qa6 Qb8 45. Qb6 Rc8 46. Qxb8 Rxb8
47. Kg2 g6 48. Rb2 Kg7 49. Kf3 Kh6 50. Ke4 Kg5 51. h4+ Kh5 52. Bc4 Kg4 53. fxg6
hxg6 54. Rb3 Rb7 55. Be2+ Kh3 56. Kf3 Rc7 57. Bf1+ Kh2 58. Rb2+ Kg1 59. Bb5
Rc3+ 60. Kg4 b3 61. Rb1+ Kg2 62. Rb2+ Kg1 63. Rb1+ Kf2 64. Rf1+ Kg2 0-1